000 00439ntaaa2200181 4500
003 01
005 20251027201200.0
008 0714s1973 ag 01
040 _aAR-BaBN
_bspa
_cAR-BaBN
_eaacr
_dRIC
082 _a220.31 R79
100 _aRowley, Harold
245 _aIt isn't easy /
_cHarold Rowley
250 _a1 ed.
260 _aChicago :
_bMoody Press,
_cc1960
300 _a63 p.
650 _aCuestionarios BĂ­blicos
942 _cBK
999 _c6116
_d6116